| 000 | 00782nam a2200289Ia 4500 | ||
|---|---|---|---|
| 001 | 6830 | ||
| 005 | 20240113233942.0 | ||
| 007 | ta | ||
| 008 | 050701s1983 a g b000 u eng u | ||
| 040 | _aCotton College,Assam | ||
| 041 | _aeng | ||
| 082 |
_a330.54162 _bAl 11 De |
||
| 100 | _aAlam, K. . | ||
| 245 | 0 |
_aThe Development Experience in Assam / _cK. Alam. _hTextual Documents |
|
| 250 | _a1st ed. / | ||
| 260 |
_aGuwhati : _bSeven Stars Publications , _c1983. |
||
| 300 |
_aiv, 271, xviiip. : _bill. ; _c20cm . |
||
| 504 | _aBib, | ||
| 653 | _aEconomics | ||
| 653 | _aEconomic Development-Experience | ||
| 653 | _aEconomic Development-Assam | ||
| 653 | _aPG-Economics | ||
| 942 |
_2ddc _cBK |
||
| 999 |
_c6817 _d6817 |
||